| 000 | 00369 a2200145 4500 | ||
|---|---|---|---|
| 001 | 164162 | ||
| 020 | _a | ||
| 040 | _cMagnum | ||
| 100 | _aMec - Ministerio da Educacao e do Desporto | ||
| 240 | 1 | 0 |
_aMoto perpetuo: movendo-se na direcao do futuro _lpor |
| 245 | 1 | 0 | _aMoto perpetuo: movendo-se na direcao do futuro |
| 362 | 0 | _a1899 | |
| 697 | _aGERAL | ||
| 942 | _cBK | ||
| 999 |
_c164162 _d164162 |
||